| 000 | 01407cam a2200349 i 4500 | ||
|---|---|---|---|
| 001 | 30087 | ||
| 003 | Mx-PuUPA | ||
| 005 | 20250331111359.0 | ||
| 008 | 140415s2018 mx gr 000 0 spa d | ||
| 020 | _cEn trámite | ||
| 040 |
_cMx-PuUPA _aMx-PuUPA _bspa _dMx-PuUPA _erda |
||
| 041 | 0 | _aspa | |
| 110 | 2 |
_aInstituto Nacional para la Evaluación de la Educación. _eautor |
|
| 245 | 1 | 0 |
_aAutoevaluación y autonomía escolar : _bprincipios y herramientas para la gestión / _cINE ; Sylvia Schmelkes del Valle, Cecilia Galas Taboada, Eva María Hamilton Vélez [y otros dos] |
| 250 | _aPrimera edición | ||
| 264 | 1 |
_aCiudad de México : _bInstituto Nacional para la Evaluación de la Educación, _c2018 |
|
| 300 |
_a110 páginas : _bdiagramas, tablas ; _c28 cm |
||
| 336 |
_2rdacontent _atexto _btxt |
||
| 337 |
_2rdamedia _asin medio _bn |
||
| 338 |
_2rdacarrier _avolumen _bnc |
||
| 490 | 0 | _aMaterial para docentes | |
| 650 | 7 |
_913986 _2armarc _aEvaluación educativa |
|
| 650 | 7 |
_2armarc _aAdministración escolar |
|
| 650 | 7 |
_2armarc _aAprendizaje _xAutoevaluación |
|
| 700 | 1 |
_aSchmelkes del Valle, Sylvia, _eautor |
|
| 700 | 1 |
_aGalas Taboada, Cecilia, _eautor |
|
| 700 | 1 |
_aHamilton Vélez, Eva María, _eautor |
|
| 942 |
_2ddc _cLI _h371.26 _iA93 |
||
| 999 |
_c30087 _d30087 |
||